5-Letter Country Pairs Quiz Stats

 Plays Quiz Updated Mar 4, 2020

Support Sporcle.
Go Orange.
Score 0/6 Timer 01:00
5 Plays Today
% Correct
India
87.1%
Ghana
81.9%
China
80.8%
Italy
69.7%
Gabon
67.6%
Chile
66.8%

From the Vault

Find the Jewish-American Hall of Fame Inductees

by Noldeh

From judges to scientists to sports stars -- pretty much every walk of life is represented.
Remove Ads.
Support Sporcle.
Get the best of Sporcle when you Go Orange. This ad-free experience offers more features, more stats, and more fun while also helping to support Sporcle. Thank you for becoming a member.

Show Comments

Extras

Top Quizzes Today


Score Distribution

Your Account Isn't Verified!

In order to create a playlist on Sporcle, you need to verify the email address you used during registration. Go to your Sporcle Settings to finish the process.

Report this User

Report this user for behavior that violates our Community Guidelines.

Details: